000 00316nam a2200133Ia 4500
008 150301s2015 xx 000 0 und d
082 _a615.1
_bE14S
100 _aK.C. SINGHAL
245 _aESSENTIALS OF PHARMACO- THROPLOTICS
260 _bCBS- DELHI
300 _a150
650 _aPHARMACEUTICS
942 _2ddc
_cBK
999 _c7122
_d7122